Video game charaters A-Z - Statistics

General Stats
  • This quiz has been taken 28 times
  • The average score is 17 of 24
Answer Stats
Letter Hint Answer % Correct
B Mario worst ennemie. Bowser
100%
S Blue hedgehog very fast. Sonic
100%
D Huge gorilla which lauches barrels. Donkey Kong
96%
M The most famous plumber. Mario
96%
P The pokemon who everybody know. Pikachu
96%
T Mushroom people. Toad
96%
Y Dinosaur who loves fruits. Yoshi
96%
W Reverse of Mario. Wario
92%
Z Princess of Hyrule. Zelda
92%
K Pink gumball can eat his ennemies. Kirby
84%
L Hero of the legend. Link
84%
R ___ and Clank. Ratchet
84%
J ___ and Daxter. Jak
72%
E The final boss of Minecraft. Ender Dragon
64%
Q Orange arcade character he needs to walk on each blocks. Q*Bert
60%
A Friend of Steve. Alex
52%
N His brother named Lucas. Ness
52%
G Lord of evil. Ganon
48%
O Control the Pikmins. Olimar
44%
H Steve with white eyes. Herobrine
40%
C Ally of Master Hand. Crazy hand
36%
F Evil flower who lives in the underground. Flowey
32%
I Fire Emblem. Ike
32%
V The biggest vilain of the galaxy. Vador
8%
No matching quizzes found
Score Distribution
Percent of People with Each Score
Percentile by Number Answered
Your Score History
You have not taken this quiz